00381pab a2200133 454500008004000000100002200040245007800062260000900140300001400149362001200163650003100175650002400206773001700230180718b2007 xxu||||| |||| 00| 0 eng d aIqbal, Badar Alam aEmployment generation in Asia: the emerging challenge in the 21st century c2007 ap.161-65. aJul-Sep aEmployment creation - Asia aEmployment creation aProductivity